000 00903cam a2200229 a 4500
001 000018682
005 20200929165835.0
008 810311s1962 ve a 000 p spa d
035 _a(DLC) 63046785
040 _aDO-SdBNP
_cCarP
_dDLC
_dBNPHU
082 _aV860.9
_bD542a
100 1 _aDíaz Seijas, Pedro,
_d1921-
_940343
245 1 0 _aApuntes y aproximaciones :
_bnotas y comentarios /
_cPedro Díaz Seijas.
260 _aCaracas :
_bAsociación de Escritores Venezolanos,
_c1962.
300 _a65 p. :
_bil., retrs. ;
_c16 cm.
490 1 _aCuadernos literarios de la Asociación de Escritores Venezolanos
_v115
650 4 _aLiteratura venezolana
_xHistoria y crítica.
_98073
650 4 _aLiteratura hispanoamericana
_xHistoria y crítica
_96273
830 0 _aCuadernos literarios de la Asociación de Escritores Venezolanos ;
_v115
_96734
910 _aCatalogación derivada / LC
049 _aBNGR
999 _c18202
_d18202